00888nam a22001937a 4500020000800000040001600008082001600024100002400040245008000064250001200144260003500156300006400191942001200255999001900267952010200286952010200388952010200490952010200592 qPB. cFIZZA ISHAQ a512.13bLAR aLarson, Ron.939190 aAlgebra and Trigonometry, Towson University Edition Math 115 /cRon Larson. a6th ED. aUSA:bCengage Learning,c2011. aIndex Inc A1 X A 142 ; ill ; 542 P. ;c26.5 X 20.5 X 2.3 cm 2ddccBK c615499d615499 00102ddc4070aNQCbNQCcTEXTd2025-12-15l0o512.13 LARpQD-402r2025-12-15t1w2025-12-15yBK 00102ddc4070aNQCbNQCcTEXTd2025-12-15l0o512.13 LARpQD-403r2025-12-15t2w2025-12-15yBK 00102ddc4070aNQCbNQCcTEXTd2025-12-15l0o512.13 LARpQD-404r2025-12-15t3w2025-12-15yBK 00102ddc4070aNQCbNQCcTEXTd2025-12-15l0o512.13 LARpQD-408r2025-12-15t4w2025-12-15yBK